Plant development / (Record no. 20760)

MARC details
000 -LEADER
fixed length control field 00898cam a22002534a 4500
005 - DATE AND TIME OF LATEST TRANSACTION
control field 20061024083122.0
008 - FIXED-LENGTH DATA ELEMENTS--GENERAL INFORMATION
fixed length control field 050913s2006 nyua j b 001 0beng
010 ## - LCCN (DPL NO)
LC control number ENG-92415
020 ## - INTERNATIONAL STANDARD BOOK NUMBER
International Standard Book Number 9788189233587
Terms of availability 650.00
035 ## - SYSTEM CONTROL NUMBER
System control number EN-75948
037 ## - SOURCE OF ACQUISITION
Source of stock number/acquisition DBAD / PUB
040 ## - CATALOGING SOURCE
Original cataloging agency dpl
Language of cataloging English
082 ## - DEWEY DECIMAL CLASSIFICATION NUMBER
Classification number 571.82
245 ## - TITLE STATEMENT
Title Plant development /
Statement of responsibility, etc by T. Pullaiah...[et.al]
260 ## - PUBLICATION, DISTRIBUTION, ETC. (IMPRINT)
Place of publication, distribution, etc New Delhi
Name of publisher, distributor, etc Regency Publications
Date of publication, distribution, etc 2007
270 ## - ADDRESS
Address 20/36-G,. Old Market, West Patel Nagar,
City New Delhi
Postal code 110008
300 ## - PHYSICAL DESCRIPTION
Extent 235p.
Dimensions 25 cm (Hb)
500 ## - GENERAL NOTE
General note Includes index
650 ## - SUBJECT ADDED ENTRY--TOPICAL TERM
Topical term or geographic name as entry element Plants
General subdivision Development
650 ## - SUBJECT ADDED ENTRY--TOPICAL TERM
Topical term or geographic name as entry element Growth (Plants)
700 ## - ADDED ENTRY--PERSONAL NAME
Personal name Pullaiah, T.
942 ## - ADDED ENTRY ELEMENTS (KOHA)
Source of classification or shelving scheme Dewey Decimal Classification
Item type English Books
Classification part 571.82
Call number suffix PLA
Holdings
Withdrawn status Lost status Source of classification or shelving scheme Damaged status Not for loan Collection code Home library Current library Date acquired Source of acquisition Cost, normal purchase price Total Checkouts Full call number Barcode Date last seen Copy number Cost, replacement price Koha item type
    Dewey Decimal Classification   Not For Loan Non-fiction D.B.Act.Division D.B.Act.Division 09/01/2009 DBAB / PUB 650.00   571.82 PLA EN-75948 09/01/2009 1 650.00 English Books

© Delhi Public Library
Hit Counter
free hit counter